[Event "77th ch-ARM 1st League"]
[Site "Yerevan ARM"]
[Date "2016.10.24"]
[Round "1.1"]
[White "Hakobyan, Aram"]
[Black "Hovhannisyan, Karen G."]
[Result "1-0"]
[WhiteTitle "FM"]
[WhiteElo "2417"]
[BlackElo "2251"]
[WhiteFideId "13306677"]
[BlackFideId "13306618"]
[EventDate "2016.10.24"]

1. d4 Nf6 2. Nf3 g6 3. g3 Bg7 4. Bg2 O-O 5. O-O d6 6. b3 c6 7. Bb2 Nbd7 8. c4 a5
9. Nc3 Re8 10. e3 Rb8 11. Rc1 b5 12. cxb5 cxb5 13. d5 b4 14. Ne2 Bb7 15. Bxf6
Nxf6 16. Nf4 Ne4 17. Nd4 Nc3 18. Qd2 Rc8 19. a3 Qb6 20. axb4 axb4 21. Nc6 e5 22.
Ne2 e4 23. Bh3 f5 24. g4 Qb5 25. Ned4 Qd3 26. Rc2 Bxc6 27. Nxc6 Nxd5 28. Rd1 Nc3
29. Nxb4 Qb5 30. Nd5 Qxd5 31. Qxd5+ Nxd5 32. Rxc8 Rxc8 33. Rxd5 f4 34. exf4 Rc3
35. Bg2 Rxb3 36. Bxe4 Rb4 37. f3 Bd4+ 38. Kf1 Be3 39. f5 Bf4 40. h4 Kg7 41. g5
gxf5 42. Rxf5 Be5 43. h5 h6 44. g6 Bf6 45. Ra5 Bd4 46. Ra6 Bb6 47. Ra8 Rc4 48.
Bd5 Rc7 49. Kg2 Bd4 50. Kg3 Rc5 51. Ra7+ Kf8 52. Rf7+ Ke8 53. Rf5 Rc1 54. f4
Rc3+ 55. Kg4 Rc5 56. Kf3 Ba1 57. Ke4 Rc7 58. Bb3 Bg7 59. Ra5 Ke7 60. Ra8 Kf6 61.
Ra6 Ke7 62. Bd5 Bb2 63. Kf5 Bd4 64. Ra8 Bc3 65. Rg8 Rc5 66. Ke4 Rc7 67. Rb8 Kf6
68. Rh8 Re7+ 69. Kf3 Bd2 70. Kg4 Ra7 71. Rf8+ Kg7 72. Re8 Kf6 73. Re6+ Kg7 74.
Kf5 Kf8 75. Rxd6 Bc3 76. Rc6 Bb2 77. Rc8+ Ke7 78. Rb8 Bc3 79. Rb3 Bd4 80. Rb4
Bc3 81. Re4+ Kd6 82. Bf7 Re7 83. Rc4 Bg7 84. Rc2 Ra7 85. Rd2+ Ke7 86. Re2+ Kd6
87. Re8 Bb2 88. Kg4 Ba1 89. Re4 Bc3 90. f5 Re7 91. Rc4 Bf6 92. Ra4 Ke5 93. Ra5+
Kd6 94. Rd5+ Kc7 95. Be6 Bg7 96. Kf4 Bf6 97. Ke4 Bg7 98. Rd2 Kc6 99. Rd8 Bf6
100. Rf8 Bb2 101. Kf4 Kd6 102. f6 Rxe6 103. g7 1-0

[Event "77th ch-ARM 1st League"]
[Site "Yerevan ARM"]
[Date "2016.10.24"]
[Round "1.2"]
[White "Kalashian, David"]
[Black "Mikaelyan, Arman"]
[Result "1-0"]
[WhiteTitle "IM"]
[BlackTitle "IM"]
[WhiteElo "2358"]
[BlackElo "2449"]
[WhiteFideId "13302418"]
[BlackFideId "13304852"]
[EventDate "2016.10.24"]

1. e4 c5 2. Nc3 a6 3. Nf3 e6 4. d4 cxd4 5. Nxd4 b5 6. Bd3 Bb7 7. O-O Qc7 8. Re1
Bd6 9. h3 Nc6 10. Be3 Nf6 11. Nb3 O-O 12. a4 b4 13. Nb1 Be5 14. Qc1 Bh2+ 15. Kh1
d5 16. N1d2 Be5 17. exd5 Nxd5 18. Bc5 Rfc8 19. Nc4 Bf4 20. Qd1 g6 21. Be4 Ne5
22. Nca5 Rd8 23. Nxb7 Qxb7 24. Qd4 g5 25. g3 Nc6 26. Qc4 Be5 27. Rad1 Bxb2 28.
Kh2 Bc3 29. Rf1 Ne5 30. Qe2 Ng6 31. Rd3 Qc7 32. Rfd1 Re8 33. Bxd5 exd5 34. Qh5
Qe5 35. Be3 Qe4 36. Nc5 Qf5 37. Rxd5 Qxc2 38. Qxg5 Bg7 39. R5d2 Qc4 40. Nd7 Qc6
41. Bd4 h6 42. Qg4 Re4 43. Qf3 Re6 44. Qg4 a5 45. Bxg7 Kxg7 46. Rd5 Qc3 47. h4
Rae8 48. h5 Re4 49. Qf5 Ne5 50. Qf6+ Kg8 51. Nxe5 R4xe5 52. Qxh6 b3 53. R1d4 Qc8
54. Qf4 Qe6 55. Rxe5 Qxe5 56. Qg4+ Qg7 57. Qd7 Qe5 58. Rd5 Qe6 59. Rg5+ Kh8 60.
Qd4+ f6 61. Rg6 Qe5 62. Rh6+ Kg7 63. Qg4+ Kf8 64. Rh8+ Ke7 65. Rh7+ Kd6 66. Qd7+
Kc5 67. Qb5+ Kd4 68. Rd7+ Kc3 69. Rd3+ 1-0

[Event "77th ch-ARM 1st League"]
[Site "Yerevan ARM"]
[Date "2016.10.24"]
[Round "1.3"]
[White "Harutyunian, Tigran K."]
[Black "Babujian, Levon"]
[Result "1-0"]
[WhiteTitle "IM"]
[BlackTitle "GM"]
[WhiteElo "2495"]
[BlackElo "2465"]
[WhiteFideId "13303635"]
[BlackFideId "13301993"]
[EventDate "2016.10.24"]

1. Nf3 d5 2. c4 d4 3. b4 g6 4. g3 Bg7 5. Bg2 e5 6. O-O Ne7 7. d3 O-O 8. a4 Nd7
9. Nbd2 c6 10. Nb3 Qc7 11. Ba3 h6 12. Qc2 f5 13. e3 dxe3 14. fxe3 e4 15. dxe4
Bxa1 16. Rxa1 Nf6 17. e5 Ne8 18. Rd1 Be6 19. Nc5 Bc8 20. e6 Nf6 21. Bb2 Qb6 22.
Bd4 Qxb4 23. Rb1 Qa5 24. Nxb7 Bxb7 25. Rxb7 Rae8 26. Qb2 Nh5 27. Rxa7 Qd8 28.
Qb4 Nf6 29. Ne5 f4 30. gxf4 Nf5 31. Nf7 Qc8 32. Bxf6 Qxe6 33. Nxh6+ Nxh6 34.
Rg7+ Kh8 35. Bd4 Rf6 36. Rxg6 Ng8 37. Qc5 Re7 38. Qg5 1-0

[Event "77th ch-ARM 1st League"]
[Site "Yerevan ARM"]
[Date "2016.10.24"]
[Round "1.4"]
[White "Hayrapetyan, Hovik"]
[Black "Bakunts, Rafael"]
[Result "1-0"]
[WhiteTitle "GM"]
[WhiteElo "2468"]
[BlackElo "2396"]
[WhiteFideId "13302639"]
[BlackFideId "13304097"]
[EventDate "2016.10.24"]

1. d4 d5 2. c4 c6 3. cxd5 cxd5 4. Bf4 Nc6 5. e3 Nf6 6. Nc3 Bf5 7. Qb3 Na5 8.
Qa4+ Bd7 9. Qc2 e6 10. Bd3 Rc8 11. Nf3 Be7 12. Ne5 Nc6 13. Qe2 O-O 14. O-O Qb6
15. Bg5 Qd8 16. Bf4 h6 17. Rfc1 Re8 18. Qd1 a6 19. a3 Bf8 20. b4 b5 21. Ra2 Nxe5
22. dxe5 Nh7 23. Rac2 f5 24. g4 g5 25. Bg3 f4 26. exf4 gxf4 27. Bxf4 Ng5 28. Bg3
Bg7 29. f4 Qb6+ 30. Kg2 d4 31. Ne4 1-0

[Event "77th ch-ARM 1st League"]
[Site "Yerevan ARM"]
[Date "2016.10.24"]
[Round "1.5"]
[White "Yegiazaryan, Armenak"]
[Black "Martirosyan, Haik M."]
[Result "1/2-1/2"]
[BlackTitle "IM"]
[WhiteElo "2243"]
[BlackElo "2470"]
[WhiteFideId "13303082"]
[BlackFideId "13306553"]
[EventDate "2016.10.24"]

1. e4 e6 2. d4 d5 3. Nc3 Bb4 4. e5 c5 5. Bd2 Ne7 6. Nce2 Bxd2+ 7. Qxd2 cxd4 8.
Nxd4 Nbc6 9. Ngf3 O-O 10. O-O-O f6 11. exf6 gxf6 12. Nxc6 bxc6 13. g4 e5 14. g5
Bg4 15. gxf6 Ng6 16. Nxe5 Bxd1 17. f7+ Kg7 18. Rg1 Bf3 19. Nxf3 Rxf7 20. Ne5 Rf5
21. Nxg6 hxg6 22. Bd3 Rf6 23. h4 Qh8 24. Qb4 Qf8 25. Qd4 Kf7 26. Kb1 Qd6 27. Qg4
Qe6 28. Qg5 Rf8 29. b3 Ke7 30. Bxg6 Kd6 31. Qg3+ Qe5 32. h5 Rxf2 33. Qxe5+ Kxe5
34. h6 Rf1+ 35. Rxf1 Rxf1+ 36. Kb2 Rh1 37. h7 c5 38. Kc3 Rh2 39. Kb2 Rh3 40. Bd3
Rh4 41. Kc3 Kf6 42. Kb2 Rh3 43. Kc3 a5 44. a4 Ke5 45. Kd2 Kf6 46. Kc3 Kg7 47.
Kd2 Rh4 48. Kc3 Rb4 49. Bf5 c4 50. Be6 d4+ 51. Kd2 cxb3 52. cxb3 Kxh7 53. Kd3
Kg6 54. Bc4 1/2-1/2

[Event "77th ch-ARM 1st League"]
[Site "Yerevan ARM"]
[Date "2016.10.24"]
[Round "1.6"]
[White "Shahinyan, David"]
[Black "Sargsyan, Shant"]
[Result "1-0"]
[WhiteTitle "IM"]
[BlackTitle "CM"]
[WhiteElo "2431"]
[BlackElo "2440"]
[WhiteFideId "13304380"]
[BlackFideId "13306766"]
[EventDate "2016.10.24"]

1. c4 Nf6 2. Nc3 c5 3. e4 Nc6 4. g3 g6 5. Bg2 Bg7 6. d3 d6 7. Nge2 O-O 8. O-O a6
9. a4 Ne8 10. Be3 Nc7 11. d4 cxd4 12. Nxd4 Ne6 13. Nde2 Nc5 14. Rb1 Nb4 15. b3
f5 16. Qd2 a5 17. Rfd1 Nxe4 18. Nxe4 fxe4 19. Bxe4 Bf5 20. Bxf5 Rxf5 21. Nd4
Bxd4 22. Bxd4 Nc6 23. Be3 Qd7 24. f4 Raf8 25. Qg2 R5f6 26. Rd5 Rf5 27. Re1 Rxd5
28. cxd5 Nb4 29. Bd2 Qc7 30. Bxb4 axb4 31. Qe4 Qc5+ 32. Kg2 Rf5 33. Rd1 Kf7 34.
g4 Rf6 35. Re1 Kg8 36. Kg3 Rf7 37. Qc4 Kf8 38. Qxc5 dxc5 39. Rc1 b6 40. a5 Rf6
41. axb6 Rxb6 42. Rxc5 Ke8 43. Kf3 Kd7 44. h4 Ra6 45. Rb5 Kd6 46. Rxb4 Kxd5 47.
h5 gxh5 48. Rb5+ Kc6 49. Rxh5 Ra3 50. Rxh7 Rxb3+ 51. Ke4 Kd7 52. Kf5 Rb5+ 53.
Kg6 Rb4 54. Rf7 Kd6 55. g5 Rb1 56. Kg7 Ke6 57. g6 Rh1 58. Kg8 Rh6 59. f5+ Ke5
60. Rh7 1-0

[Event "77th ch-ARM 1st League"]
[Site "Yerevan ARM"]
[Date "2016.10.24"]
[Round "1.7"]
[White "Petrosyan, Manuel"]
[Black "Torosyan, Norayr"]
[Result "1-0"]
[WhiteTitle "IM"]
[WhiteElo "2530"]
[BlackElo "2386"]
[WhiteFideId "13300857"]
[BlackFideId "13300431"]
[EventDate "2016.10.24"]

1. d4 Nf6 2. c4 g6 3. g3 Bg7 4. Bg2 O-O 5. Nc3 d6 6. Nf3 c5 7. O-O Nc6 8. dxc5
dxc5 9. Qa4 Bd7 10. Be3 b6 11. Rad1 Qc8 12. Qc2 Bh3 13. Nd5 Bxg2 14. Kxg2 Ng4
15. Bg5 e6 16. Ne7+ Nxe7 17. Bxe7 Re8 18. Bd6 Qc6 19. h3 Nf6 20. Be5 Rad8 21.
Rd3 Rxd3 22. Qxd3 Re7 23. Bxf6 Bxf6 24. Qd8+ Qe8 25. Rd1 Bxb2 26. Qxe8+ Rxe8 27.
Rd7 Rb8 28. a4 a6 29. Ng5 b5 30. axb5 axb5 31. cxb5 f5 32. Nxe6 Rxb5 33. Rc7 Bf6
34. Nxc5 Rb2 35. Nd7 Bg7 36. e3 Ra2 37. Kf3 h5 38. h4 Rb2 39. Rc6 Kh7 40. Nb6
Rd2 41. Re6 Bc3 42. Na4 Bg7 43. Nc5 Bf8 44. Nb3 Rd6 45. Re8 Bg7 46. Nc5 Bf6 47.
Ne6 Ra6 48. Nf4 Rd6 49. Ra8 Rc6 50. Ra7+ Kh6 51. Ra4 Kg7 52. Nh3 Kh6 53. Kf4 Rc2
54. Ra6 Bc3 55. Kf3 Be1 56. Ra7 Rb2 57. Rc7 Ba5 58. Rd7 Bc3 59. Ng5 Bg7 60. Rd6
Ra2 61. Rc6 Rb2 62. Ne6 Bf6 63. Nc7 Be5 64. Ne6 Bf6 65. Nf4 Kg7 66. Nd5 Bd8 67.
Rd6 Ba5 68. Nf4 Rb6 69. Rd7+ Kh6 70. Nd5 Ra6 71. Ne7 Ra8 72. Rd6 Bb4 73. Nxf5+
Kh7 74. Rd7+ Kh8 75. Nd4 Ra2 76. Ne2 Kg8 77. Rb7 Be1 78. Rb1 Ba5 79. Nf4 Kf7 80.
Rb7+ 1-0

[Event "77th ch-ARM 1st League"]
[Site "Yerevan ARM"]
[Date "2016.10.25"]
[Round "2.1"]
[White "Hovhannisyan, Karen G."]
[Black "Torosyan, Norayr"]
[Result "0-1"]
[WhiteElo "2251"]
[BlackElo "2386"]
[WhiteFideId "13306618"]
[BlackFideId "13300431"]
[EventDate "2016.10.24"]

1. d4 Nf6 2. Bf4 g6 3. e3 Bg7 4. Nf3 d6 5. h3 O-O 6. Be2 Nc6 7. c3 Nd7 8. Nbd2
e5 9. Bh2 Qe7 10. Nc4 e4 11. Nfd2 f5 12. Qc2 Nf6 13. f3 b5 14. Qb3 bxc4 15.
Qxc4+ Kh8 16. Qxc6 Rb8 17. O-O-O Bb7 18. Qa4 exf3 19. Bxf3 Bxf3 20. gxf3 Qxe3
21. Qc4 Bh6 22. Kc2 Qf2 23. Bg1 Qg3 24. Bh2 Qg2 25. Qf1 Qxf1 26. Rhxf1 Rfe8 27.
Rf2 Nd5 28. Nf1 Re7 29. Kd3 Rbe8 30. Kc4 Nb6+ 31. Kb5 Re2 32. Rxe2 Rxe2 33. Kc6
Rxb2 34. Kxc7 d5 35. Bd6 Rf2 36. Bc5 Na4 37. Re1 Rxf3 38. Kc6 Nxc3 39. Re8+ Kg7
40. Re7+ Kf6 41. Rxh7 Rxf1 42. Rxh6 f4 43. Rh7 a6 44. Be7+ Kf5 45. a3 Ke4 46.
Rg7 Ne2 47. Rxg6 Nxd4+ 48. Kb6 f3 49. Rg4+ Kd3 50. Kxa6 Ne6 51. Bh4 f2 52. a4
Nc5+ 53. Ka7 Ne4 54. a5 Rb1 55. Bxf2 Nxf2 56. Rg8 Ne4 57. h4 Ke3 58. Rb8 Rh1 59.
Rd8 d4 60. Kb6 Rb1+ 61. Kc6 Ra1 62. Kb6 d3 63. a6 d2 64. a7 Nc5 65. Rd5 Nd3 66.
Ra5 Rxa5 0-1

[Event "77th ch-ARM 1st League"]
[Site "Yerevan ARM"]
[Date "2016.10.25"]
[Round "2.2"]
[White "Sargsyan, Shant"]
[Black "Harutyunian, Tigran K."]
[Result "0-1"]
[WhiteTitle "CM"]
[BlackTitle "IM"]
[WhiteElo "2440"]
[BlackElo "2495"]
[WhiteFideId "13306766"]
[BlackFideId "13303635"]
[EventDate "2016.10.24"]

1. d4 Nf6 2. c4 e6 3. Nf3 d5 4. Nc3 Nbd7 5. Bg5 h6 6. Bh4 Be7 7. e3 O-O 8. Rc1
c5 9. cxd5 Nxd5 10. Bg3 cxd4 11. exd4 N7f6 12. Bd3 b6 13. O-O Bb7 14. Re1 Rc8
15. Ne5 Nxc3 16. bxc3 Qd5 17. Bf1 Rfd8 18. Qa4 a6 19. f3 b5 20. Qb3 Qxb3 21.
axb3 b4 22. c4 Rxd4 23. Bf2 Rd2 24. Be3 Bc5 25. Bxc5 Rxc5 26. Nd3 Rg5 27. h4 Rg3
28. Nf2 Nh5 29. c5 Bxf3 30. Re3 Bc6 31. Rxg3 Nxg3 32. Bxa6 e5 33. Bf1 e4 34. Ng4
h5 35. Ne5 e3 36. Nxc6 e2 37. Re1 exf1=Q+ 38. Rxf1 Nxf1 39. Kxf1 Rc2 40. Nxb4
Rxc5 41. Nd3 Rc3 42. Nf4 g6 43. b4 Rc4 44. Nd3 Rxh4 45. Ke2 Rg4 46. Kf3 Rc4 47.
Ke3 Kf8 48. b5 Ke8 49. b6 Rc3 0-1

[Event "77th ch-ARM 1st League"]
[Site "Yerevan ARM"]
[Date "2016.10.25"]
[Round "2.3"]
[White "Babujian, Levon"]
[Black "Petrosyan, Manuel"]
[Result "1/2-1/2"]
[WhiteTitle "GM"]
[BlackTitle "IM"]
[WhiteElo "2465"]
[BlackElo "2530"]
[WhiteFideId "13301993"]
[BlackFideId "13300857"]
[EventDate "2016.10.24"]

1. e4 e5 2. Nf3 Nc6 3. Bb5 Nf6 4. O-O Nxe4 5. d4 Nd6 6. dxe5 Nxb5 7. a4 Nbd4 8.
Nxd4 Nxd4 9. Qxd4 d5 10. exd6 Qxd6 11. Qe3+ Be7 12. Nc3 c6 13. Re1 Be6 14. Ne4
Qe5 15. Bd2 O-O 16. Bc3 Qf5 17. Qg3 Qg6 18. Qc7 Bd5 19. Qxe7 Rae8 20. Qxe8 Rxe8
21. Nf6+ gxf6 22. Rxe8+ Kg7 23. g3 h5 24. a5 Qxc2 25. Rae1 b5 26. axb6 axb6 27.
R8e3 c5 28. b4 cxb4 29. Bxb4 b5 30. Bc3 Bb7 31. f3 Qf5 32. Kf2 Qc5 33. Rb1 Bxf3
34. Rc1 Kg6 35. Kxf3 h4 36. Kf2 h3 37. Bd2 Qd5 38. Re2 Qg2+ 39. Ke3 Qd5 40. Rf2
Qe5+ 41. Kd3 Qd5+ 42. Ke2 Qe4+ 43. Be3 b4 44. Rf4 Qg2+ 45. Bf2 b3 46. Rg4+ Kf5
47. Rb4 Qa8 48. Rc5+ Ke6 49. Rcb5 Qa2+ 50. Ke3 Qc2 51. Rxb3 Qc1+ 52. Ke2 Qc2+
53. Kf3 f5 54. Rb6+ Ke7 55. Rb7+ Kf8 56. Rb8+ Ke7 57. R3b7+ Kd6 58. Rd8+ Ke6 59.
Rb6+ Ke7 60. Rd4 Qc1 61. Rd3 Qh1+ 62. Ke2 Qxh2 63. Rb7+ Kf6 64. Rd6+ Kg7 65.
Rdd7 Qg2 66. Rxf7+ Kg6 67. Rfe7 Kf6 68. Rf7+ Ke6 69. Rbe7+ Kd6 70. Rd7+ Ke6 71.
Rfe7+ Kf6 72. Rh7 h2 73. Rh6+ Ke5 74. Re7+ Kd5 75. Reh7 Qe4+ 76. Be3 Qg2+ 77.
Kd3 Qe4+ 78. Kd2 Qg2+ 79. Kd3 Qe4+ 80. Ke2 Qg2+ 81. Bf2 Qe4+ 82. Kd2 Qb4+ 83.
Kd1 Qb1+ 84. Ke2 Qe4+ 85. Be3 Qg2+ 86. Kd1 Qf3+ 87. Kd2 Qg2+ 88. Kc3 Qxg3 89.
Kd3 f4 90. Rd7+ Ke5 91. Re7+ Kf5 92. Rhh7 fxe3 93. Rhf7+ Kg6 94. Rg7+ Kf6 95.
Rxg3 h1=Q 96. Rexe3 Qd1+ 97. Ke4 Qb1+ 98. Rd3 Qb4+ 99. Kf3 Qb7+ 100. Kf2 Qb2+
101. Kg1 Ke7 102. Rge3+ Kf7 103. Kf1 Qb1+ 104. Kf2 Qc2+ 105. Kg3 Qc7+ 106. Kg2
Qc2+ 107. Kh3 Qc8+ 108. Kh4 Qc4+ 109. Kg5 Qc5+ 110. Kf4 Qc4+ 111. Kf3 Qc6+ 112.
Ke2 Qc4 113. Rf3+ Ke6 114. Kf2 Qh4+ 115. Kf1 Qc4 116. Ke1 Qc1+ 117. Kf2 Qb2+
118. Kg3 Qg7+ 119. Kh2 Qb2+ 120. Kh3 Qh8+ 121. Kg2 Qg7+ 1/2-1/2

[Event "77th ch-ARM 1st League"]
[Site "Yerevan ARM"]
[Date "2016.10.25"]
[Round "2.4"]
[White "Martirosyan, Haik M."]
[Black "Shahinyan, David"]
[Result "1-0"]
[WhiteTitle "IM"]
[BlackTitle "IM"]
[WhiteElo "2470"]
[BlackElo "2431"]
[WhiteFideId "13306553"]
[BlackFideId "13304380"]
[EventDate "2016.10.24"]

1. d4 e6 2. e4 d5 3. Nc3 Bb4 4. Ne2 dxe4 5. a3 Ba5 6. b4 Bb6 7. Nxe4 Nc6 8. Be3
e5 9. d5 Bxe3 10. dxc6 Bg5 11. Nxg5 Qxg5 12. Qd5 Be6 13. Qb5 b6 14. f4 Qh4+ 15.
g3 Qf6 16. Bg2 exf4 17. O-O Ne7 18. Rad1 O-O 19. Nxf4 Qc3 20. Qe2 Ng6 21. Nxe6
fxe6 22. Qxe6+ Kh8 23. Qd7 Ne5 24. Qe7 Rfe8 25. Qxc7 Rac8 26. Qxa7 Qe3+ 27. Kh1
Nxc6 28. Qb7 Nd4 29. Rd3 Qe5 30. c4 Rxc4 31. Qd5 1-0

[Event "77th ch-ARM 1st League"]
[Site "Yerevan ARM"]
[Date "2016.10.25"]
[Round "2.5"]
[White "Hakobyan, Aram"]
[Black "Hayrapetyan, Hovik"]
[Result "0-1"]
[WhiteTitle "FM"]
[BlackTitle "GM"]
[WhiteElo "2417"]
[BlackElo "2468"]
[WhiteFideId "13306677"]
[BlackFideId "13302639"]
[EventDate "2016.10.24"]

1. d4 Nf6 2. c4 e6 3. Nf3 b6 4. g3 Bb7 5. Bg2 Bb4+ 6. Bd2 Bxd2+ 7. Qxd2 O-O 8.
O-O d6 9. Rd1 Nbd7 10. Qc2 Qe7 11. Nc3 c5 12. d5 e5 13. e4 Ne8 14. Qd2 Nc7 15.
Ne1 a6 16. a4 g6 17. Nd3 f5 18. f4 exf4 19. gxf4 Qg7 20. e5 dxe5 21. fxe5 Nxe5
22. Nxe5 Qxe5 23. d6 Bxg2 24. Kxg2 Rad8 25. a5 bxa5 26. Qe2 Qxe2+ 27. Nxe2 Ne8
28. Nf4 Rxd6 29. Nd5 Re6 30. Rxa5 Nf6 31. Rxc5 Nxd5 32. cxd5 Rd6 33. Kf3 Kg7 34.
Rc7+ Rf7 35. Rxf7+ Kxf7 36. Ke3 Rb6 37. Rd2 Rb4 38. Rc2 Rh4 39. h3 Kf6 40. Rd2
Ke7 41. Rc2 Kd6 42. Rc6+ Kxd5 43. Rxa6 Rxh3+ 44. Kf4 Rh4+ 45. Kg3 Rb4 46. Ra7
Rxb2 47. Rxh7 Ke5 48. Re7+ Kf6 49. Ra7 Kg5 50. Ra5 Rb3+ 51. Kf2 Kg4 52. Ra6 g5
53. Ra4+ f4 54. Ra5 Rb6 55. Rc5 Rb7 56. Ra5 Rb8 57. Rc5 Ra8 58. Rb5 Ra2+ 59. Kg1
Kh4 60. Rf5 Ra4 0-1

[Event "77th ch-ARM 1st League"]
[Site "Yerevan ARM"]
[Date "2016.10.25"]
[Round "2.6"]
[White "Bakunts, Rafael"]
[Black "Kalashian, David"]
[Result "1-0"]
[BlackTitle "IM"]
[WhiteElo "2396"]
[BlackElo "2358"]
[WhiteFideId "13304097"]
[BlackFideId "13302418"]
[EventDate "2016.10.24"]

1. e4 c5 2. Nf3 d6 3. d4 Nf6 4. Nc3 cxd4 5. Nxd4 a6 6. Be3 e5 7. Nb3 Be6 8. f3
Be7 9. Qd2 O-O 10. O-O-O Nbd7 11. g4 b5 12. g5 b4 13. Ne2 Ne8 14. f4 a5 15. f5
a4 16. Nbd4 exd4 17. Nxd4 b3 18. Kb1 bxc2+ 19. Nxc2 Bb3 20. axb3 axb3 21. Na3
Ne5 22. h4 Ra5 23. Qb4 Qa8 24. Bb6 Ra4 25. Qxb3 d5 26. Qxd5 Bxa3 27. bxa3 Qb8
28. Qb3 Rxe4 29. Bg2 Rc4 30. Rhe1 Rc8 31. Bd5 Nd6 32. Rxe5 Nc4 33. Re7 Nxb6 34.
Bxf7+ Kh8 35. f6 gxf6 36. g6 hxg6 37. Bxg6 Nd5 38. Rh7+ Kg8 39. Rb7 Qxb7 40.
Qxb7 Rb8 41. Bf7+ Kg7 42. Bxd5+ 1-0

[Event "77th ch-ARM 1st League"]
[Site "Yerevan ARM"]
[Date "2016.10.25"]
[Round "2.7"]
[White "Mikaelyan, Arman"]
[Black "Yegiazaryan, Armenak"]
[Result "1/2-1/2"]
[WhiteTitle "IM"]
[WhiteElo "2449"]
[BlackElo "2243"]
[WhiteFideId "13304852"]
[BlackFideId "13303082"]
[EventDate "2016.10.24"]

1. e4 e5 2. Nf3 Nc6 3. Bb5 a6 4. Ba4 Nf6 5. O-O b5 6. Bb3 Bc5 7. a4 Bb7 8. d3 h6
9. Nc3 b4 10. Nd5 Na5 11. Nxe5 Nxb3 12. cxb3 Nxd5 13. exd5 O-O 14. Qh5 Qe7 15.
Nc4 f5 16. Qf3 Qf7 17. Ne5 Bxd5 18. Nxf7 Bxf3 19. Ne5 Bc6 20. Be3 Bd6 21. Nxc6
dxc6 22. Rac1 Rf6 23. g3 Rd8 24. Rc4 Be7 25. d4 g5 26. Re1 Kf7 27. f4 Re6 28.
Bf2 Rxe1+ 29. Bxe1 c5 30. dxc5 a5 31. Bf2 Rd1+ 32. Kg2 Rd2 33. Rd4 Rxb2 34. Rd5
Kg6 35. c6 gxf4 36. Rxa5 fxg3 37. hxg3 Rxb3 38. Rb5 Rc3 39. Be1 Rxc6 40. Bxb4
Bxb4 41. Rxb4 Kf6 42. Kf3 Ke5 43. Rb5+ Ke6 44. Ra5 Rc3+ 45. Kf4 Rc4+ 46. Ke3 c6
47. Ra8 Re4+ 48. Kd2 Kf6 49. a5 Ra4 50. Rc8 Kg5 51. Rxc6 Ra3 52. Rc4 Rxa5 53.
Ke3 Ra3+ 54. Kf2 Rb3 55. Ra4 Kf6 56. Ra6+ Kg5 57. Ra4 Rb6 58. Kf3 Re6 59. Rb4
Re4 60. Rb8 Ra4 61. Rg8+ Kf6 62. Rf8+ Kg6 63. Rg8+ Kf7 64. Rb8 1/2-1/2

[Event "77th ch-ARM 1st League"]
[Site "Yerevan ARM"]
[Date "2016.10.26"]
[Round "3.1"]
[White "Shahinyan, David"]
[Black "Mikaelyan, Arman"]
[Result "0-1"]
[WhiteTitle "IM"]
[BlackTitle "IM"]
[WhiteElo "2431"]
[BlackElo "2449"]
[WhiteFideId "13304380"]
[BlackFideId "13304852"]
[EventDate "2016.10.24"]

1. c4 Nf6 2. Nc3 g6 3. e4 d6 4. g3 Bg7 5. Bg2 O-O 6. Nge2 c5 7. O-O Nc6 8. d3
Bg4 9. f3 Bd7 10. Be3 a6 11. a4 Ne8 12. d4 cxd4 13. Nxd4 Qb6 14. Nc2 Qb3 15. Nd5
e6 16. Nb6 Rd8 17. Qe2 Qxb2 18. Rab1 Qf6 19. Rfd1 Qe7 20. Qd2 Ne5 21. c5 Bc6 22.
cxd6 Nxd6 23. Qb4 a5 24. Qa3 Qc7 25. Bc5 Ndc4 26. Nxc4 Nxc4 27. Qa2 Rxd1+ 28.
Rxd1 Nb2 29. Rb1 Bd5 30. Qa3 Nc4 0-1

[Event "77th ch-ARM 1st League"]
[Site "Yerevan ARM"]
[Date "2016.10.26"]
[Round "3.2"]
[White "Kalashian, David"]
[Black "Hakobyan, Aram"]
[Result "1/2-1/2"]
[WhiteTitle "IM"]
[BlackTitle "FM"]
[WhiteElo "2358"]
[BlackElo "2417"]
[WhiteFideId "13302418"]
[BlackFideId "13306677"]
[EventDate "2016.10.24"]

1. e4 c5 2. Nc3 d6 3. Nf3 Nc6 4. Bb5 Bd7 5. O-O Nf6 6. Re1 e6 7. d4 cxd4 8. Nxd4
Be7 9. Bxc6 Bxc6 10. Nxc6 bxc6 11. e5 dxe5 12. Rxe5 Qxd1+ 13. Nxd1 O-O-O 14. Re1
Nd5 15. a3 Bf6 16. Rb1 Rd7 17. Ne3 Nxe3 18. Bxe3 Rhd8 19. c3 Rb7 20. Kf1 Rb3 21.
Bxa7 Rd2 22. Re4 Rbxb2 23. Rxb2 Rxb2 24. Be3 Rb3 25. Ra4 Bxc3 26. Ra7 Rb7 27.
Ra8+ Rb8 28. Ra7 Rb7 29. Ra8+ Kd7 30. Ke2 Rb2+ 31. Kd3 Be1 32. Ra7+ Ke8 33. Ra8+
Kd7 34. Ra7+ Ke8 35. Ra8+ 1/2-1/2

[Event "77th ch-ARM 1st League"]
[Site "Yerevan ARM"]
[Date "2016.10.26"]
[Round "3.3"]
[White "Torosyan, Norayr"]
[Black "Babujian, Levon"]
[Result "1-0"]
[BlackTitle "GM"]
[WhiteElo "2386"]
[BlackElo "2465"]
[WhiteFideId "13300431"]
[BlackFideId "13301993"]
[EventDate "2016.10.24"]

1. e4 c5 2. Nf3 e6 3. d4 cxd4 4. Nxd4 a6 5. Nc3 d6 6. Be3 Nf6 7. g4 b5 8. Bg2
Bb7 9. a3 Be7 10. g5 Nfd7 11. h4 Ne5 12. f4 Nc4 13. Bc1 O-O 14. b3 Nb6 15. Bb2
Nc6 16. Nce2 Re8 17. f5 exf5 18. Nxf5 Ne5 19. Nxe7+ Qxe7 20. Qd4 Qc7 21. O-O-O
Rac8 22. Rd2 Rcd8 23. Nf4 a5 24. Kb1 a4 25. Rhd1 Bc8 26. Bf1 Bg4 27. Rc1 Qc6 28.
Nd3 Nbd7 29. Nf2 Be6 30. Qxd6 Qxd6 31. Rxd6 Rb8 32. Nd3 Nf3 33. Nf4 Bg4 34. b4
Rxe4 35. Ng2 Be6 36. Rcd1 Nf8 37. Rd8 Rxd8 38. Rxd8 Bd7 39. Bd3 Rg4 40. Ne3 Rg1+
41. Bc1 f6 42. gxf6 gxf6 43. Nd5 Kg7 44. Nxf6 Bc6 45. Nh5+ Kf7 46. Rd6 Ne5 47.
Rf6+ Ke7 48. Rf1 Rxf1 49. Bxf1 Ne6 50. Ng3 Nd4 51. Kb2 Be8 52. Kc3 Nef3 53. Be3
Ne6 54. Nf5+ Kf8 55. Nd6 Nc7 56. Bh6+ Ke7 57. Nxe8 Kxe8 58. h5 Kd7 59. Bd3 Kc6
60. Be4+ Nd5+ 61. Kd3 Ng1 62. c4 1-0

[Event "77th ch-ARM 1st League"]
[Site "Yerevan ARM"]
[Date "2016.10.26"]
[Round "3.4"]
[White "Hayrapetyan, Hovik"]
[Black "Hovhannisyan, Karen G."]
[Result "1-0"]
[WhiteTitle "GM"]
[WhiteElo "2468"]
[BlackElo "2251"]
[WhiteFideId "13302639"]
[BlackFideId "13306618"]
[EventDate "2016.10.24"]

1. d4 d6 2. Nf3 Bg4 3. g3 Bxf3 4. exf3 Nf6 5. Bg2 g6 6. Qd3 c6 7. f4 e6 8. O-O
Be7 9. c4 d5 10. b3 Nbd7 11. Bb2 O-O 12. Nd2 a5 13. Nf3 Qb6 14. Rab1 a4 15. c5
Qa6 16. Qxa6 Rxa6 17. b4 b5 18. Ne5 Nxe5 19. dxe5 Ne8 20. Rfe1 Ng7 21. Bh3 Raa8
22. Kf1 Rae8 23. Ke2 Bd8 24. Kd3 Be7 25. a3 Bd8 26. Re2 Be7 27. Bc3 Bd8 28. Rbe1
Kh8 29. Bd2 Bc7 30. g4 h5 31. f3 Kh7 32. Bc3 Bd8 33. f5 exf5 34. gxf5 gxf5 35.
Rg1 Re6 36. Rxg7+ Kxg7 37. Bxf5 Rg8 38. f4 Kf8 39. Bh3 Rh6 40. f5 f6 41. exf6
Rg1 42. Re6 Rd1+ 43. Ke2 Rh1 44. Be5 Bxf6 45. Bf4 Bg5 46. Rxh6 Bxh6 47. Bxh6+
Kf7 48. Bf4 Ra1 49. f6 Rxa3 50. Bd7 Ra2+ 51. Kd3 Rf2 52. Bg3 Rxf6 53. Kc3 Ke7
54. Bh4 Kxd7 55. Bxf6 Ke6 56. Bh8 Kf5 57. Kd3 Kf4 58. Bf6 Kf5 59. Bb2 Kf4 60.
Kd4 h4 61. Bc1+ Kf3 62. Ke5 h3 63. Kd6 d4 64. Kxc6 d3 65. Kxb5 a3 66. c6 a2 67.
c7 a1=Q 68. c8=Q Qe5+ 69. Qc5 Qe2 70. Kb6 Qxh2 71. Qe3+ Kg2 72. Qe4+ Kf1 73.
Qxd3+ Ke1 74. Qe4+ Kd1 75. Bf4 Qf2+ 76. Kb7 Qh4 77. Qd3+ 1-0